02478aam a2200445 i 4500001000700000003001000007005001700017007000300034008004100037020002400078020002700102035001100129040003500140041001300175082000800188100004400196245004600240246003900286250002200325264003900347264000900386300004900395336002700444337001500471338001200486490003800498490002700536500002200563505040900585520067100994650002901665650003301694650003701727700008801764700002101852700003801873700001801911830005601929830004701985889752CO-MdUADB20240702092005.0ta040910t19991991sp d|||gr|||| 1 |dspa d a8420629472qISBN-10 a9788420629476qISBN-13 a889752 aCO-MdUADBbspacCO-MdUADBerda1 aspahita74a3001 aSartori, Giovanni,d1924-2017ecomewpr13aLa comparación en las ciencias sociales11aComparazione nelle scienze sociali aPrimera edición 1aMadrid :bAlianza Editorial,c1999 4c1991 a177 páginas :bgráficas (blanco y negro) 2rdacontentatextobtxt ano mediado avolumen1 aCiencias Sociales : Ensayo ;v1531 aEl Libro Universitario aIncluye índice.20tProblemas y opciones en la comparación /rLeonardo Morlino. --tComparación y método comparativo /rGiovanni Sartori. --tEl método comparativo: dos décadas de cambios /rDavid Collier. --tComparación y explicación /rAngelo Panebianco. --tTiempo e investigación comparativa /rStefano Bartolini. --tLa comparación y el estado de bienestar: ¿un caso de éxito? /rMaurizio Ferrera.3 aReseña : ¿Cuáles son los tipos de comparación más fértiles? ¿Cuáles son los pasos y opciones de quien recurre a la comparación para comprender mejor la propia realidad social y política? ¿Qué problemas surgen en el análisis comparativo de la historia? ¿En qué sectores ha dado la comparación mejores resultados? ¿Qué significa cuando se compara? A estas y otras preguntas responden los autores del presente volumen -G. Sartori y L. Morlino (eds.), D. Collier, A. Panebianco, S. Bartolini y M. Ferrara, dirigiéndose a los estudiantes y analistas de todas las disciplinas sociales. (Tomado de la cubierta trasera del libro). 7aCiencias sociales2embne 7aInvestigación social2lemb 7aMetodología científica2lemb1 aMorlino, Leonardo,d1947-0(isni)0000 0001 1577 51490(viaf)90149341ecomewprewin1 aRusso, Juanetrl1 aRuiz de Azúa, Miguel Angeletrl10ecomecomecom 0aCiencias Sociales : Ensayo (Alianza Editorial)v153 3aEl Libro Universitario (Alianza Editorial)